00329 a2200097 4500001001000000005001700010008004100027245008200068100001700150773006400167ART_2612320260410161854.0260409a 10aHabilitación de la instancia contencioso administrativa en el orden federal1 aMonti, Laura0 tDerecho públicog- Año III, Nº 8 (ago. 2014)wREV10451